[Event "Rochefort 2017 - Accession - 18/02/17 - "]
[Site "Palais des congrès"]
[Date "2017.02.18"]
[Round "6.7"]
[White "Moldovean, Ioana"]
[Black "Budak, Rezan"]
[Result "0-1"]
[WhiteElo "1708"]
[BlackElo "1791"]
[PlyCount "59"]
[EventDate "2017.??.??"]

1. Nf3 c5 2. b3 e6 3. c4 Nf6 4. Bb2 Nc6 5. e3 Be7 6. Be2 O-O 7. O-O Qc7 8. d4
d6 9. Nc3 a6 10. a3 Rd8 11. Qc2 cxd4 12. exd4 Rb8 13. Rac1 Bd7 14. Rfe1 Na7 15.
b4 Bf8 16. Ne4 Be7 17. Nfg5 Nxe4 18. Nxe4 d5 19. Nc5 Bc6 20. cxd5 Bxd5 21. Bd3
h6 22. Qe2 Qf4 23. Qe3 Qg5 24. Ne4 Qh4 25. Bb1 Bxe4 26. Bxe4 Bg5 27. Qf3 Bxc1
28. Rxc1 Nb5 29. Qe3 Nd6 30. Qf3 0-1

[Event "Rochefort 2017 - Accession - 18/02/17 - "]
[Site "Palais des congrès"]
[Date "2017.02.18"]
[Round "6.8"]
[White "Mace, Emmanuel"]
[Black "Gaubert, Cedric"]
[Result "1/2-1/2"]
[WhiteElo "1791"]
[BlackElo "1576"]
[PlyCount "78"]
[EventDate "2017.??.??"]

1. e4 c5 2. Nf3 e6 3. Qe2 Nc6 4. c3 d5 5. exd5 Qxd5 6. g3 Nf6 7. Bg2 Be7 8. O-O
Qd7 9. Na3 O-O 10. Nc2 Rb8 11. Rd1 Qe8 12. d4 Bd7 13. Bf4 Rc8 14. Ne5 h6 15.
dxc5 Bxc5 16. Nxd7 Nxd7 17. Bd6 Bxd6 18. Rxd6 Qe7 19. Rad1 Ndb8 20. Na3 Rfd8
21. Rxd8+ Rxd8 22. Rxd8+ Nxd8 23. Be4 Nd7 24. Bc2 Nf6 25. Nc4 Nc6 26. Qd3 Qd7
27. Qxd7 Nxd7 28. Nd6 Nd8 29. Nb5 a6 30. Nd4 Kf8 31. f4 Ke7 32. Kf2 Nf6 33. Kf3
Kd6 34. h3 Nc6 35. Nxc6 Kxc6 36. Bb3 Kd6 37. Bc2 Nd7 38. Ke3 f5 39. h4 Nf6
1/2-1/2

[Event "Rochefort 2017 - Accession - 18/02/17 - "]
[Site "Palais des congrès"]
[Date "2017.02.18"]
[Round "6.9"]
[White "Ljutovac, Sreten"]
[Black "Pascal, Jonathan"]
[Result "0-1"]
[WhiteElo "1707"]
[BlackElo "1783"]
[PlyCount "56"]
[EventDate "2017.??.??"]

1. d4 Nf6 2. c4 g6 3. Nc3 Bg7 4. e4 d6 5. Bg5 h6 6. Be3 O-O 7. f3 Nc6 8. Qd2
Kh7 9. O-O-O a6 10. g4 Rh8 11. g5 hxg5 12. d5 Ne5 13. Bxg5 Bd7 14. h3 b5 15.
Qd4 c5 16. dxc6 Nxc6 17. Qe3 Qa5 18. Kb1 bxc4 19. Bxc4 Be6 20. Nd5 Rab8 21. Rh2
Rb7 22. Bb3 Rhb8 23. Qc3 Nxd5 24. Qxa5 Nxa5 25. exd5 Bf5+ 26. Kc1 Nxb3+ 27.
axb3 Rc8+ 28. Kd2 Rc2+ 0-1

[Event "Rochefort 2017 - Accession - 18/02/17 - "]
[Site "Palais des congrès"]
[Date "2017.02.18"]
[Round "6.10"]
[White "Amram, Roger"]
[Black "Daignieres, Pierre"]
[Result "0-1"]
[WhiteElo "1668"]
[BlackElo "1775"]
[PlyCount "88"]
[EventDate "2017.??.??"]

1. e4 Nf6 2. e5 Nd5 3. Nc3 Nxc3 4. dxc3 d5 5. Nf3 Bg4 6. Be2 e6 7. O-O Be7 8.
h3 Bh5 9. Bf4 O-O 10. Qd2 c5 11. Rfe1 Nc6 12. Nh2 Bxe2 13. Qxe2 Bg5 14. Qe3
Bxf4 15. Qxf4 Qc7 16. Qg3 Qb6 17. Rab1 Rad8 18. Nf3 h6 19. b3 Qa5 20. Nh2 Qxa2
21. Ng4 Kh8 22. Qd3 Qa6 23. Qd2 Kh7 24. Ra1 Qb5 25. Qf4 Ne7 26. Rxa7 Ng6 27.
Qa4 Qxa4 28. Rxa4 Ra8 29. Rxa8 Rxa8 30. g3 Ra2 31. Re2 Ne7 32. f4 b5 33. Ne3 d4
34. cxd4 cxd4 35. Kf2 dxe3+ 36. Kxe3 Nd5+ 37. Kd4 b4 38. Rd2 Ra1 39. f5 Rf1 40.
fxe6 fxe6 41. Kc5 Rf8 42. Kd6 Rd8+ 43. Kc5 Kg6 44. Rf2 Kh7 0-1

[Event "Rochefort 2017 - Accession - 18/02/17 - "]
[Site "Palais des congrès"]
[Date "2017.02.18"]
[Round "7.1"]
[White "Neau, Julien"]
[Black "Lauron, Wesley"]
[Result "1-0"]
[WhiteElo "1913"]
[BlackElo "1796"]
[PlyCount "95"]
[EventDate "2017.??.??"]

1. d4 Nf6 2. c4 e6 3. Nc3 c5 4. d5 exd5 5. cxd5 d6 6. e4 g6 7. Nge2 Bg7 8. Ng3
O-O 9. Be2 Na6 10. O-O Nc7 11. Bf4 Rb8 12. a4 b6 13. Nb5 Nxb5 14. axb5 Rb7 15.
Ra4 Qe7 16. Qd2 Ng4 17. f3 Ne5 18. Bh6 f6 19. Bxg7 Qxg7 20. f4 Nf7 21. Rfa1 Nd8
22. Qc3 Re8 23. b4 Ree7 24. bxc5 bxc5 25. Bc4 Kf8 26. Rf1 Nf7 27. Bd3 Kg8 28.
Qb2 Nh6 29. f5 g5 30. Nh5 Qf7 31. Nxf6+ Kf8 32. h3 Re5 33. Ng4 Nxg4 34. hxg4 h5
35. Qd2 Qg7 36. gxh5 Bd7 37. Ra5 Be8 38. g4 c4 39. Bc2 Bxb5 40. Qb4 Qd7 41. Rf3
a6 42. h6 Kg8 43. Qd2 Qd8 44. Rh3 Be8 45. Rxa6 Ree7 46. Qxg5+ Kh8 47. h7 Rb1+
48. Bxb1 1-0

[Event "Rochefort 2017 - Accession - 18/02/17 - "]
[Site "Palais des congrès"]
[Date "2017.02.18"]
[Round "7.2"]
[White "Daignieres, Pierre"]
[Black "Lucbernet, Thomas"]
[Result "1-0"]
[WhiteElo "1775"]
[BlackElo "1916"]
[PlyCount "109"]
[EventDate "2017.??.??"]

1. d4 Nf6 2. c4 e6 3. g3 c5 4. d5 exd5 5. cxd5 d6 6. Nc3 g6 7. Bg2 Bg7 8. Nf3
O-O 9. O-O Re8 10. Nd2 Na6 11. Nc4 Nc7 12. a4 b6 13. Nxd6 Qxd6 14. Bf4 Qd7 15.
d6 Ne6 16. Bxa8 Nxf4 17. gxf4 Qg4+ 18. Kh1 Qxf4 19. e3 Qh4 20. Bf3 Ng4 21. Bxg4
Bxg4 22. f3 Bd7 23. Qe1 Qg5 24. e4 Be5 25. Rd1 Re6 26. Rd5 Qf4 27. Qd2 Qh4 28.
Qf2 Qxf2 29. Rxf2 Kf8 30. Nb5 Bxb5 31. axb5 Bxd6 32. Rfd2 Ke7 33. Kg2 h6 34. h3
Bf4 35. Rd7+ Kf6 36. R2d3 Re7 37. Kf2 Ke6 38. Rxe7+ Kxe7 39. b3 g5 40. Rd5 f6
41. Ke2 Be5 42. Kd3 Bd6 43. h4 Ke6 44. hxg5 fxg5 45. Ke3 Bf4+ 46. Kf2 Bd6 47.
Kg2 Be7 48. Rf5 h5 49. f4 gxf4 50. Rxh5 Bf6 51. Kf3 Be5 52. Rh7 Bd6 53. Rxa7
Ke5 54. Rb7 Kd4 55. Rxb6 1-0

[Event "Rochefort 2017 - Accession - 18/02/17 - "]
[Site "Palais des congrès"]
[Date "2017.02.18"]
[Round "7.3"]
[White "Budak, Rezan"]
[Black "Ovsepyan, Marat"]
[Result "0-1"]
[WhiteElo "1791"]
[BlackElo "1754"]
[PlyCount "68"]
[EventDate "2017.??.??"]

1. d4 Nf6 2. c4 e6 3. Bf4 Bb4+ 4. Nc3 O-O 5. Nf3 Bxc3+ 6. bxc3 d6 7. e3 Nbd7 8.
Qc2 Qe7 9. Bg3 c5 10. Be2 e5 11. O-O b6 12. a4 a5 13. Rfe1 Bb7 14. Nd2 Rac8 15.
Nb1 cxd4 16. cxd4 d5 17. dxe5 Nxe5 18. Qb2 Nxc4 19. Bxc4 dxc4 20. Qxb6 Qb4 21.
Qxb4 axb4 22. Bd6 c3 23. Bxb4 c2 24. Na3 Rfd8 25. Be7 Rd2 26. Bxf6 gxf6 27. Nb5
f5 28. Nd4 f4 29. a5 fxe3 30. fxe3 Rxg2+ 31. Kf1 Rxh2 32. a6 Bxa6+ 33. Kg1 Rh6
34. Nxc2 Rxc2 0-1

[Event "Rochefort 2017 - Accession - 18/02/17 - "]
[Site "Palais des congrès"]
[Date "2017.02.18"]
[Round "7.4"]
[White "Pascal, Jonathan"]
[Black "Banana, Adnane"]
[Result "1-0"]
[WhiteElo "1783"]
[BlackElo "1861"]
[PlyCount "71"]
[EventDate "2017.??.??"]

1. e4 c5 2. Nf3 d6 3. d4 cxd4 4. Nxd4 Nf6 5. Nc3 a6 6. Bg5 e6 7. f4 Be7 8. Qf3
Qc7 9. O-O-O Nbd7 10. g4 b5 11. Bxf6 Nxf6 12. g5 Nd7 13. h4 b4 14. Nce2 Bb7 15.
Ng3 Rc8 16. Bh3 Nc5 17. Kb1 d5 18. e5 g6 19. b3 a5 20. Bf1 O-O 21. h5 a4 22.
hxg6 fxg6 23. Qg4 axb3 24. cxb3 Ra8 25. Bd3 Qa5 26. Rd2 Rxf4 27. Qh3 Kf7 28.
Qxh7+ Ke8 29. Qxg6+ Kd7 30. Bb5+ Kc7 31. Nxe6+ Nxe6 32. Qxe6 Qxb5 33. Qxe7+ Kb6
34. Rh7 Rb8 35. Qc7+ Ka7 36. e6 1-0

[Event "Rochefort 2017 - Accession - 18/02/17 - "]
[Site "Palais des congrès"]
[Date "2017.02.18"]
[Round "7.5"]
[White "Boudart, Alain"]
[Black "Baron, Daniel"]
[Result "0-1"]
[WhiteElo "1783"]
[BlackElo "1975"]
[PlyCount "82"]
[EventDate "2017.??.??"]

1. e4 c5 2. c3 d5 3. exd5 Qxd5 4. d4 e6 5. Nf3 Nf6 6. Na3 Be7 7. Bc4 Qd8 8. Nc2
O-O 9. O-O Qc7 10. Qe2 Nc6 11. dxc5 Bxc5 12. Be3 Bd6 13. h3 b6 14. Ncd4 Nxd4
15. Nxd4 Bb7 16. Ba6 Bxa6 17. Qxa6 Nd5 18. Bd2 Qe7 19. Qe2 Rac8 20. a4 Bb8 21.
a5 bxa5 22. Ra4 Qc7 23. Nf3 Nb6 24. Rg4 Rfe8 25. Bh6 g6 26. g3 e5 27. Qe4 Qd7
28. Nh4 Rc4 29. Nxg6 hxg6 30. Rxg6+ fxg6 31. Qxg6+ Kh8 32. Bg5 Rc6 33. Qh5+ Kg8
34. Rd1 Qf7 35. Qg4 Rg6 36. h4 e4 37. Qh5 Rg7 38. Qe2 Qf3 39. Qc2 e3 40. Qb3+
Kh8 41. Bxe3 Bxg3 0-1

[Event "Rochefort 2017 - Accession - 18/02/17 - "]
[Site "Palais des congrès"]
[Date "2017.02.18"]
[Round "7.6"]
[White "Delabbey, Florian"]
[Black "Potaux, Olivier"]
[Result "1-0"]
[WhiteElo "1922"]
[BlackElo "1777"]
[PlyCount "77"]
[EventDate "2017.??.??"]

1. e4 d5 2. exd5 Qxd5 3. Nc3 Qa5 4. d4 Nf6 5. Bd2 c6 6. Bc4 Bf5 7. Nd5 Qd8 8.
Nxf6+ gxf6 9. Nf3 e6 10. c3 Nd7 11. Nh4 Bg6 12. Qf3 f5 13. g3 Be7 14. Ng2 Nb6
15. Bb3 Nd5 16. O-O Bg5 17. Bxg5 Qxg5 18. Bxd5 cxd5 19. Nf4 O-O 20. Kg2 h5 21.
h4 Qh6 22. a4 Rac8 23. Ra3 Rc7 24. Rb3 Rd8 25. Re1 Rd6 26. a5 Rdc6 27. Rb5 Rc4
28. Qd1 R4c6 29. Qb3 b6 30. axb6 axb6 31. Rxb6 Kh7 32. Rxc6 Rxc6 33. Qb7 Rd6
34. Qc7 Ra6 35. Nxe6 Rxe6 36. Rxe6 f4 37. Re7 fxg3 38. Qxg3 Be4+ 39. Kh2 1-0

[Event "Rochefort 2017 - Accession - 18/02/17 - "]
[Site "Palais des congrès"]
[Date "2017.02.18"]
[Round "7.7"]
[White "Grandmougin, Olivier"]
[Black "Rocq, Christian"]
[Result "0-1"]
[WhiteElo "1842"]
[BlackElo "1781"]
[PlyCount "118"]
[EventDate "2017.??.??"]

1. f4 d5 2. Nf3 Nf6 3. e3 Bf5 4. b3 h6 5. Bb2 e6 6. Be2 Nbd7 7. O-O c6 8. h3
Bd6 9. Ne5 Qc7 10. Nxd7 Qxd7 11. d3 O-O-O 12. Nd2 Bc5 13. d4 Be7 14. Nf3 Ne4
15. Qe1 Qc7 16. c4 f6 17. cxd5 exd5 18. b4 Qb6 19. a3 Rhe8 20. Nh4 Bh7 21. Bh5
Rg8 22. Bf7 Rgf8 23. Be6+ Kb8 24. Bf5 Bxf5 25. Nxf5 Rf7 26. Nxe7 Rxe7 27. f5
Rde8 28. Rf3 Qc7 29. Rc1 Nd6 30. Rc2 b5 31. Bc1 Re4 32. Qg3 Kb7 33. a4 a6 34.
axb5 axb5 35. Ra2 Qd7 36. Qf2 Nc4 37. Ra1 Ra8 38. Rxa8 Kxa8 39. Qa2+ Kb7 40.
Bd2 h5 41. Rf1 Nb6 42. Ra1 Na4 43. Qc2 Qxf5 44. Rxa4 bxa4 45. Qxa4 Qd7 46. b5
cxb5 47. Qa5 Re6 48. Qa3 g5 49. Bb4 Ra6 50. Qb3 g4 51. hxg4 hxg4 52. Qb1 f5 53.
Bc5 g3 54. Kf1 Ra4 55. Ke2 Ra6 56. Kf3 Rg6 57. Qa2 Kb8 58. Qa5 f4 59. Kxf4 Qf7+
0-1

[Event "Rochefort 2017 - Accession - 18/02/17 - "]
[Site "Palais des congrès"]
[Date "2017.02.18"]
[Round "7.8"]
[White "Boudet, Olivier"]
[Black "Fernandez, Leon"]
[Result "0-1"]
[WhiteElo "1703"]
[BlackElo "1840"]
[PlyCount "100"]
[EventDate "2017.??.??"]

1. Nf3 d5 2. c4 d4 3. d3 c5 4. e3 Nc6 5. exd4 cxd4 6. g3 e5 7. Bg2 Bd6 8. O-O
Nf6 9. b3 O-O 10. Na3 Bf5 11. h3 Nd7 12. Nh4 Be6 13. Nc2 Be7 14. Nf3 Bf5 15. a3
Nc5 16. Nfe1 Nxb3 17. Rb1 Nc5 18. Nb4 Qc8 19. Kh2 Bd6 20. f4 Bd7 21. Bd2 exf4
22. Bxf4 Bxf4 23. Rxf4 Ne6 24. Rf1 Nxb4 25. axb4 Bc6 26. Nf3 b6 27. b5 Bb7 28.
Ra1 Qc7 29. Qd2 Rfd8 30. Ng5 Nxg5 31. Qxg5 Bxg2 32. Kxg2 Re8 33. Qf4 Qb7+ 34.
Qf3 Re2+ 35. Rf2 Qxf3+ 36. Kxf3 Re3+ 37. Kf4 Rxd3 38. Rf3 Rd2 39. Raa3 Rc2 40.
Ra4 g6 41. Rd3 Rd8 42. Ke4 f5+ 43. Ke5 Re2+ 44. Kf4 Rd7 45. Kf3 Rc2 46. g4 Rc3
47. Ra3 Rxa3 48. Rxa3 d3 49. Ra1 d2 50. Rd1 Kf7 0-1

[Event "Rochefort 2017 - Accession - 18/02/17 - "]
[Site "Palais des congrès"]
[Date "2017.02.18"]
[Round "7.9"]
[White "Cazeaux, Didier"]
[Black "Orlovic, Isa"]
[Result "0-1"]
[WhiteElo "1751"]
[BlackElo "1827"]
[PlyCount "61"]
[EventDate "2017.??.??"]

1. e4 e6 2. d3 Nf6 3. g3 Bb4+ 4. Nd2 O-O 5. Bg2 d5 6. e5 Nfd7 7. Ngf3 c5 8. O-O
Nc6 9. c3 Ba5 10. Re1 Rb8 11. Nf1 Ne7 12. Ng5 h6 13. Nf3 Ng6 14. h4 Qc7 15. h5
Ne7 16. N1h2 Rd8 17. Bf4 d4 18. Qd2 Nd5 19. Bxh6 f6 20. exf6 N7xf6 21. Bf4 Nxf4
22. gxf4 Nd5 23. Ne5 dxc3 24. bxc3 Bxc3 25. Qe2 Bxa1 26. h6 Bxe5 27. h7+ Kh8
28. fxe5 Nf4 29. Qd2 Nxg2 30. Kxg2 Qc6+ 31. Re4 0-1

[Event "Rochefort 2017 - Accession - 18/02/17 - "]
[Site "Palais des congrès"]
[Date "2017.02.18"]
[Round "7.10"]
[White "Pizzala, Adrien"]
[Black "Mace, Emmanuel"]
[Result "0-1"]
[WhiteElo "1545"]
[BlackElo "1791"]
[PlyCount "67"]
[EventDate "2017.??.??"]

1. e4 e5 2. Nf3 Nc6 3. Bc4 Be7 4. c3 Nf6 5. d3 h6 6. O-O O-O 7. Re1 d6 8. Bb3
Na5 9. Bc2 c5 10. Nbd2 Nc6 11. Nf1 Re8 12. Ng3 Bf8 13. h3 g6 14. Nh2 d5 15.
exd5 Nxd5 16. Ng4 Bxg4 17. Qxg4 Bg7 18. Qf3 Nf6 19. Be3 Qd6 20. Ne4 Nxe4 21.
dxe4 b6 22. Rad1 Qc7 23. Bb3 Na5 24. Bd5 Rac8 25. Rd2 Re7 26. Red1 Kh7 27. h4
Rf8 28. h5 Nc6 29. g4 Nd4 30. Qg3 g5 31. Rd3 Ne2+ 32. Kg2 Nxg3 33. Kxg3 Rd7 34.
c4 0-1

[Event "Rochefort 2017 - Accession - 18/02/17 - "]
[Site "Palais des congrès"]
[Date "2017.02.18"]
[Round "8.1"]
[White "Pascal, Jonathan"]
[Black "Neau, Julien"]
[Result "1-0"]
[WhiteElo "1783"]
[BlackElo "1913"]
[PlyCount "93"]
[EventDate "2017.??.??"]

1. e4 d6 2. d4 Nf6 3. Nc3 g6 4. Bg5 Bg7 5. Qd2 h6 6. Bh4 g5 7. Bg3 Nh5 8. O-O-O
Nd7 9. e5 Nb6 10. exd6 cxd6 11. f4 Nxg3 12. hxg3 g4 13. Rh5 Nd7 14. Ne4 Qb6 15.
Bb5 Kf8 16. Ne2 Nf6 17. Nxf6 Bxf6 18. Nc3 Qa5 19. Rdh1 Qb4 20. Rd1 a6 21. Ba4
Be6 22. a3 Qb6 23. Kb1 Bg7 24. f5 Bc4 25. Qf4 Rc8 26. Qxg4 Rc7 27. Qf4 Bf1 28.
Nd5 Qa5 29. Nxc7 Be2 30. f6 Bxh5 31. fxg7+ Kxg7 32. d5 Bxd1 33. Qd4+ Kh7 34.
Qe4+ Kg8 35. Ne8 Qd8 36. Qd4 f6 37. Qxd1 b5 38. Qg4+ Kf7 39. Qg7+ Kxe8 40.
Qxh8+ Kd7 41. Qxd8+ Kxd8 42. Bb3 Kc7 43. c4 Kb6 44. Kc2 Kc5 45. Kd3 h5 46. cxb5
axb5 47. Ke4 1-0

[Event "Rochefort 2017 - Accession - 18/02/17 - "]
[Site "Palais des congrès"]
[Date "2017.02.18"]
[Round "8.2"]
[White "Lauron, Wesley"]
[Black "Daignieres, Pierre"]
[Result "1/2-1/2"]
[WhiteElo "1796"]
[BlackElo "1775"]
[PlyCount "120"]
[EventDate "2017.??.??"]

1. Nf3 Nf6 2. d4 e6 3. g3 b6 4. Bg2 Bb7 5. O-O Be7 6. Re1 O-O 7. Nbd2 d5 8. c3
Nbd7 9. Nb3 c5 10. Bf4 Ne4 11. Ne5 Nef6 12. Nxd7 Nxd7 13. Nd2 Nf6 14. Bg5 cxd4
15. cxd4 h6 16. Bxf6 Bxf6 17. Nf3 Qd6 18. Qd2 Rfd8 19. Rac1 Rac8 20. a3 Ba6 21.
e3 Qb8 22. Kh1 Bc4 23. Rc3 Ba6 24. Rec1 Rxc3 25. Rxc3 Rc8 26. Ne1 Rc7 27. f4
Qc8 28. e4 dxe4 29. Bxe4 Bb7 30. Bf3 Bxf3+ 31. Nxf3 Rxc3 32. Qxc3 Qxc3 33. bxc3
b5 34. Ne1 Be7 35. Nc2 Kf8 36. Kg2 Ke8 37. Kf3 Kd7 38. Ke4 f5+ 39. Kd3 Kc6 40.
h3 Bd6 41. h4 g6 42. c4 bxc4+ 43. Kxc4 Be7 44. a4 a6 45. Ne3 Ba3 46. d5+ exd5+
47. Nxd5 Bf8 48. Ne3 Be7 49. Nc2 Bc5 50. Ne1 Bf2 51. Nf3 Bxg3 52. Ne5+ Kb6 53.
Nxg6 Ka5 54. Kd5 Kxa4 55. Ke5 Kb3 56. Kxf5 a5 57. Kg4 Bxf4 58. Nxf4 a4 59. Nd3
a3 60. Kh5 Kc3 1/2-1/2

[Event "Rochefort 2017 - Accession - 18/02/17 - "]
[Site "Palais des congrès"]
[Date "2017.02.18"]
[Round "8.3"]
[White "Ovsepyan, Marat"]
[Black "Delabbey, Florian"]
[Result "1-0"]
[WhiteElo "1754"]
[BlackElo "1922"]
[PlyCount "57"]
[EventDate "2017.??.??"]

1. d4 d5 2. Nc3 Nf6 3. Bg5 h6 4. Bf4 c6 5. e3 Bf5 6. f3 e6 7. Bd3 Nh5 8. Bxb8
Rxb8 9. g3 Qg5 10. Qd2 Bb4 11. Nge2 Bxd3 12. Qxd3 Qf5 13. e4 dxe4 14. fxe4 Qg5
15. a3 Ba5 16. e5 f5 17. exf6 Nxf6 18. O-O Bxc3 19. Nxc3 O-O 20. Rfe1 Nd5 21.
Re5 Qg4 22. Ne2 Nf4 23. Nxf4 Rxf4 24. h3 Qxh3 25. gxf4 Qg4+ 26. Kf2 Qxf4+ 27.
Ke2 Rf8 28. Re1 Qg4+ 29. Kd2 1-0

[Event "Rochefort 2017 - Accession - 18/02/17 - "]
[Site "Palais des congrès"]
[Date "2017.02.18"]
[Round "8.4"]
[White "Orlovic, Isa"]
[Black "Baron, Daniel"]
[Result "0-1"]
[WhiteElo "1827"]
[BlackElo "1975"]
[PlyCount "38"]
[EventDate "2017.??.??"]

1. Nf3 c5 2. d4 cxd4 3. Nxd4 d5 4. g3 e5 5. Nb3 Be6 6. Bg2 Nc6 7. O-O Be7 8.
Re1 h6 9. N1d2 Nf6 10. c3 O-O 11. Nf1 Qd7 12. Be3 b6 13. f3 Rfd8 14. Bf2 Rac8
15. e3 Nh7 16. Qe2 Ng5 17. Rad1 e4 18. fxe4 Bg4 19. Qc2 Nf3+ 0-1

[Event "Rochefort 2017 - Accession - 18/02/17 - "]
[Site "Palais des congrès"]
[Date "2017.02.18"]
[Round "8.5"]
[White "Fernandez, Leon"]
[Black "Mace, Emmanuel"]
[Result "1-0"]
[WhiteElo "1840"]
[BlackElo "1791"]
[PlyCount "69"]
[EventDate "2017.??.??"]

1. e4 e5 2. Nf3 Nc6 3. Bb5 Nf6 4. O-O Nxe4 5. d4 Nd6 6. Bxc6 dxc6 7. dxe5 Nf5
8. Qxd8+ Kxd8 9. Nc3 h6 10. Rd1+ Ke8 11. b3 Bd7 12. Bb2 Rd8 13. Rd3 Bc8 14.
Rad1 Rxd3 15. Rxd3 b6 16. Ne4 Ne7 17. c4 Bf5 18. Nfd2 c5 19. f3 Ng6 20. g3 Rg8
21. Kf2 Be7 22. Ke3 Bd7 23. Nb1 Bd8 24. f4 Ne7 25. Nbc3 Nc6 26. a3 a6 27. Nd5
Na5 28. Kf3 h5 29. Ne3 Nb7 30. f5 b5 31. Kf4 bxc4 32. bxc4 g5+ 33. Kf3 Bc6 34.
Nd5 Bd7 35. Ndf6+ 1-0

[Event "Rochefort 2017 - Accession - 18/02/17 - "]
[Site "Palais des congrès"]
[Date "2017.02.18"]
[Round "8.6"]
[White "Rocq, Christian"]
[Black "Boursier, Xavier"]
[Result "0-1"]
[WhiteElo "1781"]
[BlackElo "1949"]
[PlyCount "80"]
[EventDate "2017.??.??"]

1. d4 e6 2. c4 f5 3. Nc3 Nf6 4. Nf3 d5 5. g3 c6 6. Bg2 Bd6 7. O-O Ne4 8. Qc2
O-O 9. Bf4 Bxf4 10. gxf4 Nd7 11. Rad1 Ndf6 12. cxd5 exd5 13. Ne5 Nh5 14. e3 Qh4
15. Qe2 Nhf6 16. f3 Nd6 17. Rf2 Nd7 18. Kh1 Nf7 19. Rg1 Ndxe5 20. fxe5 Ng5 21.
f4 Ne4 22. Rf3 Be6 23. Bf1 g6 24. Qg2 Kf7 25. Nd1 Qh6 26. Rh3 Qg7 27. Bd3 Rh8
28. Qc2 Rhd8 29. Rf3 Kg8 30. h4 Kh8 31. h5 Qh6 32. Rh3 gxh5 33. Qh2 Bf7 34. Be2
Rg8 35. Bf3 Rxg1+ 36. Kxg1 Rg8+ 37. Kf1 a6 38. a3 Rg7 39. Ke1 Qg6 40. Bxh5 Qg1+
0-1

[Event "Rochefort 2017 - Accession - 18/02/17 - "]
[Site "Palais des congrès"]
[Date "2017.02.18"]
[Round "8.7"]
[White "Lucbernet, Thomas"]
[Black "Salgues, Michel"]
[Result "1-0"]
[WhiteElo "1916"]
[BlackElo "1821"]
[PlyCount "85"]
[EventDate "2017.??.??"]

1. e4 c5 2. Nf3 Nc6 3. d4 cxd4 4. Nxd4 d6 5. Nc3 e5 6. Nb3 Be6 7. Be3 Nf6 8.
Be2 Be7 9. Qd2 O-O 10. O-O-O a5 11. Bb5 a4 12. Bxa4 Nxe4 13. Nxe4 Rxa4 14. Nc3
Bxb3 15. cxb3 Ra6 16. Kb1 Qa8 17. a3 Na5 18. Nd5 Bd8 19. Qd3 Nc6 20. h4 Ne7 21.
h5 Nxd5 22. Qxd5 Bf6 23. g4 Ra5 24. Qxd6 Rd8 25. Qb4 Rad5 26. Rxd5 Rxd5 27. g5
Bd8 28. g6 b5 29. gxf7+ Kxf7 30. Rg1 e4 31. Ka2 Rxh5 32. Rd1 Be7 33. Rd7 Re5
34. Bc5 Qe8 35. Rb7 h5 36. Qd4 Rxc5 37. Qxc5 Kf8 38. Qf5+ Bf6 39. Qf4 Qc6 40.
Qb8+ Qe8 41. Qd6+ Be7 42. Qf4+ Bf6 43. Rb8 1-0

[Event "Rochefort 2017 - Accession - 18/02/17 - "]
[Site "Palais des congrès"]
[Date "2017.02.18"]
[Round "8.8"]
[White "Budak, Rezan"]
[Black "Bleau, Adrien"]
[Result "1-0"]
[WhiteElo "1791"]
[BlackElo "1883"]
[PlyCount "160"]
[EventDate "2017.??.??"]

1. e4 e6 2. d4 d5 3. exd5 exd5 4. Nf3 Nc6 5. Bf4 Bd6 6. Bg3 Bg4 7. Be2 Nge7 8.
Nc3 Bxg3 9. hxg3 Qd7 10. a4 h6 11. Qd2 Bf5 12. Na2 a6 13. c3 Qd6 14. b4 O-O 15.
O-O Ng6 16. Bd3 Bxd3 17. Qxd3 Rfe8 18. Rae1 Qd7 19. Nc1 Rxe1 20. Rxe1 Re8 21.
Rxe8+ Qxe8 22. Nb3 Nb8 23. Nc5 b5 24. a5 Nf8 25. Qf5 c6 26. Qe5 Qxe5 27. Nxe5
f6 28. Ned3 Kf7 29. f3 Ne6 30. Kf2 Nxc5 31. Nxc5 g6 32. Ke3 Ke7 33. Kf4 Kf7 34.
Kg4 f5+ 35. Kh4 Ke7 36. f4 Kf6 37. g4 fxg4 38. Kxg4 Ke7 39. f5 Kf6 40. fxg6
Kxg6 41. Kf4 Kf6 42. g4 Kg6 43. Kf3 Kf6 44. Kg3 Kf7 45. Kh4 Kg6 46. Ne6 Nd7 47.
Nd8 Nb8 48. Kg3 Kf6 49. Kf4 Ke7 50. Nb7 Kf6 51. Nc5 Kg6 52. Nd3 Kf6 53. Ne5 Ke6
54. Kg3 Kf6 55. Kh4 Kg7 56. Kh5 Kh7 57. Nf7 Nd7 58. Nd8 Nf6+ 59. Kh4 Ne4 60.
Nxc6 Nxc3 61. Nb8 Ne2 62. Nxa6 Nxd4 63. Nc7 Nc6 64. Nxd5 Kg6 65. a6 Na7 66.
Nf4+ Kf6 67. Kh5 Kg7 68. Ne6+ Kh7 69. Nd8 Kg7 70. Nb7 Kh7 71. g5 hxg5 72. Kxg5
Kg7 73. Kf5 Kf7 74. Ke5 Ke7 75. Kd5 Kd7 76. Kc5 Kc7 77. Nd6 Kb8 78. Nxb5 Nc8
79. Nd6 Ne7 80. b5 Ka7 1-0

[Event "Rochefort 2017 - Accession - 18/02/17 - "]
[Site "Palais des congrès"]
[Date "2017.02.18"]
[Round "8.9"]
[White "Augereau, Cyrille"]
[Black "Rebelles Caceres, Jose Antonio"]
[Result "1-0"]
[WhiteElo "1882"]
[BlackElo "1775"]
[PlyCount "61"]
[EventDate "2017.??.??"]

1. Nc3 Nf6 2. e4 e5 3. Nf3 Nc6 4. d4 exd4 5. Nxd4 Bb4 6. Nxc6 Bxc3+ 7. bxc3
dxc6 8. Bd3 Bg4 9. Qd2 Qe7 10. O-O O-O 11. Re1 Rfe8 12. Bb2 Qe5 13. Rab1 Qa5
14. Qf4 Bh5 15. c4 Nd7 16. e5 Nf8 17. Qh4 Bg6 18. f4 Bxd3 19. cxd3 Qd2 20. Qg3
Re7 21. Ba1 Rd8 22. Rbd1 Qc2 23. f5 g6 24. e6 fxe6 25. Bf6 Rde8 26. Bxe7 Rxe7
27. fxg6 Nxg6 28. Qf2 Qa4 29. Rf1 Qa5 30. h4 Qc3 31. h5 1-0

[Event "Rochefort 2017 - Accession - 18/02/17 - "]
[Site "Palais des congrès"]
[Date "2017.02.18"]
[Round "8.10"]
[White "Gaubert, Cedric"]
[Black "Gicquiaud, Karl"]
[Result "0-1"]
[WhiteElo "1576"]
[BlackElo "1850"]
[PlyCount "80"]
[EventDate "2017.??.??"]

1. Nf3 d5 2. d4 Nc6 3. Bf4 Bg4 4. e3 e6 5. Be2 Bd6 6. Bxd6 cxd6 7. O-O h6 8.
Nbd2 Nf6 9. c3 O-O 10. Ne1 Bxe2 11. Qxe2 Re8 12. Nb3 Qb6 13. Nf3 a5 14. Rab1 a4
15. Na1 e5 16. Qd1 Qa5 17. Nc2 b5 18. Qd2 Qb6 19. Rfd1 e4 20. Nfe1 Reb8 21. h3
b4 22. cxb4 Nxb4 23. Nxb4 Qxb4 24. Qxb4 Rxb4 25. a3 Rb3 26. Nc2 Rb7 27. Nb4 Rc8
28. Rdc1 Rbc7 29. Rxc7 Rxc7 30. Kf1 Kf8 31. Ke2 Ke7 32. Kd2 Kd7 33. Rc1 Rb7 34.
Rc6 Rxb4 35. Rxd6+ Kxd6 36. axb4 Kc6 37. Kc3 Kb5 38. f3 g6 39. f4 Ng8 40. g4 f5
0-1

[Event "Rochefort 2017 - Accession - 18/02/17 - "]
[Site "Palais des congrès"]
[Date "2017.02.18"]
[Round "9.1"]
[White "Ovsepyan, Marat"]
[Black "Pascal, Jonathan"]
[Result "1/2-1/2"]
[WhiteElo "1754"]
[BlackElo "1783"]
[PlyCount "51"]
[EventDate "2017.??.??"]

1. d4 Nf6 2. Nc3 d5 3. Bg5 Bf5 4. f3 c6 5. Qd2 Nbd7 6. g4 Bg6 7. Bf4 e6 8. e3
Bb4 9. Bd3 Bxd3 10. Qxd3 O-O 11. a3 Ba5 12. O-O-O b5 13. Bd6 Re8 14. e4 dxe4
15. Nxe4 Nxe4 16. Qxe4 Qg5+ 17. Kb1 Qd5 18. Qxd5 exd5 19. Nh3 Re6 20. Bg3 Rae8
21. Nf4 Re3 22. Rhf1 Bb6 23. Ng2 Re2 24. Nf4 R2e3 25. Ng2 Re2 26. Nf4 1/2-1/2

[Event "Rochefort 2017 - Accession - 18/02/17 - "]
[Site "Palais des congrès"]
[Date "2017.02.18"]
[Round "9.2"]
[White "Baron, Daniel"]
[Black "Neau, Julien"]
[Result "1/2-1/2"]
[WhiteElo "1975"]
[BlackElo "1913"]
[PlyCount "84"]
[EventDate "2017.??.??"]

1. Nf3 Nf6 2. g3 g6 3. Bg2 Bg7 4. O-O O-O 5. c4 d6 6. d4 Nbd7 7. Nc3 e5 8. h3
c6 9. e4 exd4 10. Nxd4 Qb6 11. Nc2 Ne5 12. b3 c5 13. f4 Nc6 14. Bb2 Re8 15. Re1
Be6 16. Qd2 Nh5 17. Na4 Qa6 18. Bxg7 Nxg7 19. Qxd6 Rad8 20. Qxc5 Rd3 21. Qf2
Qa5 22. Rad1 Red8 23. Ne3 Rxd1 24. Rxd1 Rxd1+ 25. Nxd1 Bxc4 26. Qe3 b5 27. Nc5
Be6 28. Nxe6 Nxe6 29. f5 Ned4 30. f6 Qxa2 31. Qh6 Ne6 32. Qc1 Qxb3 33. Ne3 Ned4
34. Kh2 Qa2 35. Nd5 Nf3+ 36. Kh1 Qf2 37. Ne7+ Kh8 38. e5 Qxg3 39. Bxf3 Qxf3+
40. Kh2 Qf2+ 41. Kh1 Qf3+ 42. Kh2 Qf2+ 1/2-1/2